Les départements limitrophes 50 à 95 - Statistiques

Statistiques générales
  • Ce quiz a été pris 17 fois
  • Le résultat moyen est 58 sur 222
Statistiques - réponses
MANCHE % Correct
Calvados | 14
100%
Ille-et-Vilaine | 35
80%
Mayenne | 72
60%
Aube | 10
50%
Aube | 10
50%
Meuse | 55
50%
Orne | 61
50%
Ain | 01
40%
Aisne | 02
40%
Ardennes | 08
40%
Bas-Rhin | 67
40%
Belfort | 90
40%
Côtes-d'Armor | 22
40%
Haute-Marne | 52
40%
Meuse | 55
40%
Seine-et-Marne | 77
40%
Ain | 01
30%
Aisne | 02
30%
Aisne | 02
30%
Aisne | 02
30%
Allier | 03
30%
Allier | 03
30%
Allier | 03
30%
Ardennes | 08
30%
Ariège | 09
30%
Aube | 10
30%
Aude | 11
30%
Bas-Rhin | 67
30%
Bas-Rhin | 67
30%
Belfort | 90
30%
Calvados | 14
30%
Calvados | 14
30%
Cantal | 15
30%
Cher | 18
30%
Corrèze | 19
30%
Côte-d'Or | 21
30%
Côte-d'or | 21
30%
Côte-d'or | 21
30%
Côte-d'Or | 21
30%
Creuse | 23
30%
Pyrénées-Atlantiques | 64
30%
Doubs | 25
30%
Eure | 27
30%
Eure | 27
30%
Eure-et-Loir | 28
30%
Eure-et-Loir | 28
30%
Finistère | 29
30%
Gers | 32
30%
Gers | 32
30%
Haute-Garonne | 31
30%
Haute-Loire | 43
30%
Haute-Marne | 52
30%
Haute-Marne| 52
30%
Haute-Saône | 70
30%
Hautes-Pyrénées | 65
30%
Haut-Rhin | 68
30%
Haut-Rhin | 68
30%
Hauts-de-Seine | 92
30%
Ille-et-Vilaine | 35
30%
Ille-et-Vilaine | 35
30%
Indre-et-Loire | 37
30%
Isère | 38
30%
Jura | 39
30%
Jura | 39
30%
Landes | 40
30%
Loire | 42
30%
Loire | 42
30%
Loire | 42
30%
Loire-Atlantique | 44
30%
Loiret | 45
30%
Loir-et-Cher | 41
30%
Maine-et-Loire | 49
30%
Maine-et-Loire | 49
30%
Manche | 50
30%
Manche | 50
30%
Marne | 51
30%
Marne | 51
30%
Mayenne | 53
30%
Mayenne | 53
30%
Meurthe-et-Moselle | 54
30%
Meurthe-et-Moselle | 54
30%
Meurthe-et-Moselle | 54
30%
Meuse | 55
30%
Moselle | 57
30%
Moselle | 57
30%
Nièvre | 58
30%
Nord | 59
30%
Orne | 61
30%
Orne | 61
30%
Pas-de-Calais | 62
30%
Rhône | 69
30%
Saône-et-Loire | 71
30%
Saône-et-Loire | 71
30%
Sarthe | 72
30%
Sarthe | 72
30%
Seine-et-Marne | 77
30%
Seine-Maritime | 76
30%
Seine-Saint-Denis | 93
30%
Somme | 80
30%
Somme | 80
30%
Val-de-Marne | 94
30%
Val-d'Oise | 95
30%
Vosges | 88
30%
Vosges | 88
30%
Vosges | 88
30%
Vosges | 88
30%
Vosges | 88
30%
Vosges | 88
30%
Yonne | 89
30%
Ain | 01
20%
Ain | 01
20%
Aisne | 02
20%
Alpes-de-Haute-Provence | 04
20%
Alpes-de-Haute-Provence | 04
20%
Alpes-Maritimes | 06
20%
Ardèche | 07
20%
Aube | 61
20%
Aude | 11
20%
Aveyron | 12
20%
Aveyron | 12
20%
Bas-Rhin | 67
20%
Belfort | 90
20%
Bouches-du-Rhône | 13
20%
Bouches-du-Rhône | 13
20%
Charente | 16
20%
Charente | 16
20%
Charente | 16
20%
Charente-Maritime | 17
20%
Charente-Maritime | 17
20%
Corrèze | 19
20%
Cote-d'Or | 61
20%
Creuse | 23
20%
Deux-Sèvres | 79
20%
Deux-Sèvres | 79
20%
Loiret | 45
20%
Pas-de-Calais | 62
20%
Dordogne | 24
20%
Doubs | 25
20%
Drôme | 26
20%
Essonne | 75
20%
Essonne | 91
20%
Essonne | 91
20%
Essonne | 91
20%
Eure | 27
20%
Eure | 27
20%
Eure | 27
20%
Eure-et-Loir | 28
20%
Eure-et-Loir | 28
20%
Gard | 30
20%
Gers | 32
20%
Haute-Garonne | 31
20%
Haute-Garonne | 31
20%
Haute-Marne | 52
20%
Hautes-Alpes | 05
20%
Haute-Saône | 70
20%
Haute-Saône | 70
20%
Haute-Savoie | 74
20%
Haute-Vienne | 87
20%
Haut-Rhin | 68
20%
Haut-Rhin | 68
20%
Hauts-de-Seine | 75
20%
Hauts-de-Seine | 92
20%
Hauts-de-Seine | 92
20%
Hauts-de-Seine | 92
20%
Hauts-de-Seine | 92
20%
Hérault | 34
20%
Indre | 36
20%
Indre | 36
20%
Indre-et-Loire | 37
20%
Isère | 38
20%
Loire-Atlantique | 44
20%
Loiret | 45
20%
Loiret | 61
20%
Lot | 46
20%
Lot-et-Garonne | 47
20%
Maine-et-Loire | 49
20%
Maine-et-Loire | 49
20%
Maine-et-Loire | 49
20%
Marne | 51
20%
Meurthe-et-Moselle | 54
20%
Meuse | 55
20%
Nièvre | 61
20%
Nord | 59
20%
Oise | 60
20%
Oise | 60
20%
Oise | 60
20%
Oise | 60
20%
Paris | 75
20%
Paris | 75
20%
Paris | 75
20%
Savoie | 73
20%
Seine-et-Marne | 61
20%
Seine-et-Marne | 75
20%
Seine-et-Marne | 77
20%
Seine-et-Marne | 77
20%
Seine-et-Marne | 77
20%
Seine-Maritime | 76
20%
Seine-Saint-Denis | 75
20%
Seine-Saint-Denis | 93
20%
Seine-Saint-Denis | 93
20%
Seine-Saint-Denis | 93
20%
Somme | 80
20%
Tarn | 81
20%
Tarn-et-Garonne | 82
20%
Val-de-Marne | 94
20%
Val-de-Marne | 94
20%
Val-de-Marne | 94
20%
Val-de-Marne | 94
20%
Val-d'Oise | 95
20%
Val-d'Oise | 95
20%
Val-d'Oise | 95
20%
Val-d'Oise | 95
20%
Vaucluse | 84
20%
Vendée | 85
20%
Vienne | 86
20%
Vienne | 86
20%
Vosges | 88
20%
Yonne | 89
20%
Yvelines | 78
20%
Yvelines | 78
20%
Yvelines | 78
20%
Oise | 60
10%
Aucun quiz correspondant
Distribution des résultats
% des personnes avec chaque résultat
Percentile par nombre de réponses
Votre historique - résultats
Vous n’avez pas pris ce quiz